[Event "Kirchlengern - Sodingen"]
[Site "?"]
[Date "2023.11.12"]
[Round "3.5"]
[White "Berndt, Joachim"]
[Black "Knollmann, Benjamin"]
[Result "1-0"]
[WhiteElo "2056"]
[BlackElo "1871"]
[PlyCount "45"]
[EventDate "2023.??.??"]
[SourceVersionDate "2023.09.25"]

1. c4 Nf6 2. Nf3 d6 3. d4 g6 4. Nc3 Bg7 5. e4 O-O 6. Be2 a5 7. O-O Na6 8. h3 c6 9. Be3 Bd7 10. Rc1 Qb8 11. e5 Ne8 12. Qd2 Nec7 13. Rfd1 Rd8 14. exd6 exd6 15. d5 b5 16. dxc6 Bxc6 17. Nd4 Bxd4 18. Bxd4 bxc4 19. Bxc4 Qb7 20. Qh6 Ne6 21. Bf6 Nac5 22. Nd5 Re8 23. Rd4 1-0

[Event "Kirchlengern - Sodingen"]
[Site "?"]
[Date "2023.11.12"]
[Round "3.6"]
[White "Ott, Helmut"]
[Black "Graw, Christopher"]
[Result "0-1"]
[WhiteElo "1922"]
[BlackElo "2210"]
[PlyCount "38"]
[EventDate "2023.??.??"]
[SourceVersionDate "2023.09.25"]

1. d4 d5 2. Nf3 Nf6 3. c4 c6 4. Nc3 a6 5. Bg5 dxc4 6. a4 Bf5 7. e3 Ne4 8. Bxc4 Nxg5 9. Nxg5 e6 10. Nf3 Bb4 11. O-O O-O 12. Qb3 Qe7 13. Na2 Ba5 14. Bd3 Bxd3 15. Qxd3 Nd7 16. b4 Bxb4 17. Nxb4 Qxb4 18. Rfb1 Qd6 19. Rxb7 Nc5 0-1

[Event "Meschede - Hemer"]
[Site "?"]
[Date "2023.11.12"]
[Round "3.1"]
[White "Bagrationi, Alexander"]
[Black "Rittmeier, Bernhard"]
[Result "1-0"]
[WhiteElo "2440"]
[BlackElo "2246"]
[PlyCount "81"]
[EventDate "2023.??.??"]
[SourceVersionDate "2023.09.25"]

1. d4 Nf6 2. c4 d6 3. Nc3 Nbd7 4. e4 e5 5. Nf3 g6 6. Be2 Bg7 7. O-O O-O 8. Be3 Ng4 9. Bg5 f6 10. Bh4 Nh6 11. dxe5 dxe5 12. b4 c6 13. c5 Nf7 14. Qb3 Qe7 15. Rfd1 Re8 16. Bc4 g5 17. Bxg5 fxg5 18. Nxg5 Qxg5 19. Bxf7+ Kf8 20. Bxe8 Kxe8 21. Rxd7 Bxd7 22. Qg8+ Ke7 23. Qxa8 Bh3 24. Qxb7+ Kf8 25. Qb8+ Kf7 26. Qc7+ Kg8 27. Qb8+ Kf7 28. g3 Qd2 29. Qxa7+ Kg6 30. Rd1 Qxc3 31. Qe7 Bf6 32. Qe8+ Kh6 33. Qf8+ Kg6 34. Qg8+ Kh6 35. Qb3 Qxb3 36. axb3 Be7 37. Ra1 Kg6 38. Ra6 Kf7 39. Rxc6 Be6 40. Rc7 Bxb3 41. b5 1-0

[Event "Meschede - Hemer"]
[Site "?"]
[Date "2023.11.12"]
[Round "3.2"]
[White "Voss, Georg"]
[Black "Runte, Moritz"]
[Result "1-0"]
[WhiteElo "1885"]
[BlackElo "2193"]
[PlyCount "79"]
[EventDate "2023.??.??"]
[SourceVersionDate "2023.09.25"]

1. c4 c6 2. Nf3 d5 3. g3 Nf6 4. Bg2 dxc4 5. O-O b5 6. a4 Bb7 7. Qc2 Na6 8. Na3 Nb4 9. Qf5 e6 10. Qh3 a6 11. Ne1 Be7 12. Nac2 Nfd5 13. Nxb4 Nxb4 14. Be4 Bf6 15. Ra3 Nd5 16. f4 b4 17. Raf3 g6 18. d3 c3 19. b3 Bg7 20. g4 f5 21. gxf5 exf5 22. Bxf5 gxf5 23. Qh5+ Kf8 24. e4 Ne7 25. e5 Qe8 26. Qh3 Qg6+ 27. Rg3 Qh6 28. Qg2 Rd8 29. Be3 Rd5 30. Qf2 Rg8 31. Bc5 a5 32. Bxe7+ Kxe7 33. Qa7 Bxe5 34. fxe5 Rxg3+ 35. hxg3 Ke6 36. Qxb7 Qe3+ 37. Kg2 Qd2+ 38. Rf2 Qxe1 39. Qxc6+ Kxe5 40. Qe8+ 1-0

[Event "Meschede - Hemer"]
[Site "?"]
[Date "2023.11.12"]
[Round "3.3"]
[White "Xue, Luka"]
[Black "Becker, Robin"]
[Result "1-0"]
[WhiteElo "1967"]
[BlackElo "1919"]
[PlyCount "85"]
[EventDate "2023.??.??"]
[SourceVersionDate "2023.09.25"]

1. d4 Nf6 2. c4 e6 3. Nc3 d5 4. cxd5 exd5 5. Bg5 Be7 6. e3 c6 7. Bd3 h6 8. Bf4 Bd6 9. Nge2 O-O 10. Qc2 a5 11. O-O Na6 12. a3 Re8 13. Kh1 Nc7 14. Rad1 Ne6 15. Bxd6 Qxd6 16. Ng3 Nc7 17. Na4 b5 18. Nb6 Rb8 19. Nxc8 Rbxc8 20. a4 Rb8 21. Rc1 Ne6 22. h3 Rb6 23. Nf5 Qd7 24. Qd2 Ra8 25. axb5 cxb5 26. Ra1 b4 27. Rfc1 a4 28. Ra2 a3 29. Rca1 Qb7 30. bxa3 b3 31. Rb2 Ra4 32. Qd1 Ng5 33. f3 Re6 34. Rxb3 Qa7 35. h4 Ngh7 36. Bb5 Ra5 37. a4 Nf8 38. Rc3 N8d7 39. Rac1 Nb6 40. Rc7 Qa8 41. Ne7+ Kh7 42. Qd3+ g6 43. Nxg6 1-0

[Event "Meschede - Hemer"]
[Site "?"]
[Date "2023.11.12"]
[Round "3.4"]
[White "Weber, Andre"]
[Black "Jagodzinsky, Andreas"]
[Result "0-1"]
[WhiteElo "2041"]
[BlackElo "2174"]
[PlyCount "56"]
[EventDate "2023.??.??"]
[SourceVersionDate "2023.09.25"]

1. Nf3 Nf6 2. c4 g6 3. b3 Bg7 4. Bb2 d6 5. g3 O-O 6. Bg2 c6 7. O-O Qa5 8. Qc2 Qh5 9. d3 Bh3 10. Nbd2 c5 11. Ne4 Nxe4 12. dxe4 Nc6 13. Rad1 Bxb2 14. Qxb2 Bxg2 15. Kxg2 f6 16. Qc3 g5 17. h4 Qg6 18. Qd3 h6 19. hxg5 hxg5 20. Qd5+ Kg7 21. Rh1 Rh8 22. Nh2 Rh7 23. Ng4 Rah8 24. Rxh7+ Qxh7 25. f3 Ne5 26. Kf2 Nxg4+ 27. fxg4 Qh2+ 28. Kf3 Rh3 0-1

[Event "Meschede - Hemer"]
[Site "?"]
[Date "2023.11.12"]
[Round "3.5"]
[White "Trinh, Fabian Dat"]
[Black "Hollmann, Bert"]
[Result "1/2-1/2"]
[WhiteElo "1869"]
[BlackElo "2117"]
[PlyCount "141"]
[EventDate "2023.??.??"]
[SourceVersionDate "2023.09.25"]

1. d4 Nf6 2. Bf4 b6 3. e3 Ba6 4. Bxa6 Nxa6 5. Nf3 e6 6. O-O Be7 7. h3 O-O 8. a4 Qc8 9. Nbd2 d5 10. a5 c5 11. c3 Qb7 12. axb6 axb6 13. Qe2 h6 14. Rfe1 Rfc8 15. e4 dxe4 16. Nxe4 Nxe4 17. Qxe4 Qxe4 18. Rxe4 cxd4 19. Rxd4 Nc5 20. Rdd1 Rxa1 21. Rxa1 Nd3 22. Bc1 Bc5 23. Be3 Bxe3 24. fxe3 Nxb2 25. Rb1 Na4 26. Rb4 Nxc3 27. Rxb6 Nd5 28. Rb3 Rc2 29. Kf1 Kh7 30. Ne1 Rc3 31. Rxc3 Nxc3 32. Kf2 Kg6 33. Nd3 Kf5 34. Kf3 h5 35. g3 g5 36. g4+ hxg4+ 37. hxg4+ Kf6 38. e4 Nb5 39. Ke3 Ke7 40. Ne5 f6 41. Nd3 Kd6 42. Nf2 Na7 43. Kd3 Nc6 44. Ke3 Ne5 45. Kd2 Kc5 46. Kc3 Kc6 47. Kc2 Kb5 48. Kb3 Nd7 49. Kc3 Kc5 50. Nd3+ Kc6 51. Kc2 Nc5 52. Nf2 Kd6 53. Kd2 Ke5 54. Ke3 Nd7 55. Nd3+ Kd6 56. Kd2 Kc6 57. Kc2 Kb5 58. Kc3 Nc5 59. Nf2 e5 60. Kd2 Kc4 61. Ke3 Kc3 62. Nd1+ Kc2 63. Nf2 Na4 64. Nd3 Kc3 65. Nc1 Nb6 66. Ne2+ Kc2 67. Ng3 Nc4+ 68. Ke2 Nd6 69. Ke3 Kc3 70. Nh5 Ne8 71. Ng3 1/2-1/2

[Event "Meschede - Hemer"]
[Site "?"]
[Date "2023.11.12"]
[Round "3.6"]
[White "Dyballa, Gerhard"]
[Black "Hofmann, Benjamin"]
[Result "0-1"]
[WhiteElo "1880"]
[BlackElo "1808"]
[PlyCount "78"]
[EventDate "2023.??.??"]
[SourceVersionDate "2023.09.25"]

1. c4 e5 2. Nc3 Nc6 3. g3 g6 4. Bg2 Bg7 5. e3 Nge7 6. Nge2 d6 7. d4 O-O 8. O-O exd4 9. exd4 Nf5 10. d5 Ne5 11. b3 h5 12. h3 Nh6 13. f4 Nd7 14. Be3 Re8 15. Bf2 Nf5 16. Qd2 a5 17. Rae1 Nc5 18. Nc1 Rxe1 19. Rxe1 Bd7 20. Ne4 Nxe4 21. Bxe4 a4 22. b4 Qf6 23. Nd3 Nd4 24. Kh2 Re8 25. Bg2 Rxe1 26. Nxe1 Nf5 27. Nf3 a3 28. g4 hxg4 29. hxg4 Nh6 30. g5 Ng4+ 31. Kg3 Nxf2 32. Kxf2 Qc3 33. Qxc3 Bxc3 34. b5 Bf5 35. Ng1 Bd4+ 36. Kf1 Bxg1 37. Kxg1 Bb1 38. c5 b6 39. cxb6 cxb6 0-1

[Event "Meschede - Hemer"]
[Site "?"]
[Date "2023.11.12"]
[Round "3.8"]
[White "Schubert, Gerhard"]
[Black "Jagodzinsky, Lukas"]
[Result "1-0"]
[WhiteElo "1900"]
[BlackElo "1451"]
[PlyCount "109"]
[EventDate "2023.??.??"]
[SourceVersionDate "2023.09.25"]

1. Nf3 d5 2. d4 Nf6 3. Bf4 Bf5 4. e3 e6 5. h3 c5 6. c3 Nc6 7. Nh4 Bg6 8. Nd2 Bd6 9. Bxd6 Qxd6 10. Be2 Rc8 11. dxc5 Qxc5 12. O-O O-O 13. Rc1 Qb6 14. Nxg6 hxg6 15. Qb3 Qxb3 16. Nxb3 b6 17. Nd4 Nxd4 18. cxd4 Ne4 19. Ba6 Rxc1 20. Rxc1 Nd6 21. Rc7 Ra8 22. Rd7 Ne4 23. f3 Nf6 24. Rb7 Ne8 25. Re7 Nd6 26. Kf2 Kf8 27. Rd7 Ne8 28. Ke2 Nf6 29. Rb7 Ne8 30. Kd3 Nd6 31. Rc7 Ke8 32. Bb7 Kd8 33. Rxf7 Nxf7 34. Bxa8 Kc7 35. e4 Kd6 36. Bb7 Nd8 37. Ba6 Nc6 38. a3 Nb8 39. e5+ Kc7 40. Bb5 a6 41. Ba4 b5 42. Bc2 Kd7 43. Ke3 g5 44. f4 gxf4+ 45. Kxf4 Ke7 46. h4 Nc6 47. Ke3 Na5 48. b3 Nc6 49. Kd3 Kf7 50. Kc3 Ke7 51. b4 a5 52. bxa5 Nxa5 53. Bd3 Nc4 54. Bxc4 bxc4 55. g4 1-0

[Event "Herford - Lippstadt"]
[Site "?"]
[Date "2023.11.12"]
[Round "3.1"]
[White "Wehmeier, Stefan"]
[Black "Loemker, Michael"]
[Result "1-0"]
[WhiteElo "2409"]
[BlackElo "2112"]
[PlyCount "85"]
[EventDate "2023.??.??"]
[SourceVersionDate "2023.09.25"]

1. e4 g6 2. d4 Bg7 3. Nc3 d6 4. f4 Nf6 5. Nf3 O-O 6. Be3 c6 7. Qd2 b5 8. Bd3 Qa5 9. h3 b4 10. Ne2 Ba6 11. O-O Bxd3 12. cxd3 Nbd7 13. Rfc1 Qb5 14. Rc2 a5 15. Rac1 Ra6 16. b3 Rb8 17. g4 a4 18. f5 axb3 19. axb3 Ra3 20. Rb1 Rba8 21. Kg2 Nf8 22. Nf4 N6d7 23. h4 e5 24. Ne2 d5 25. dxe5 Nxe5 26. Nxe5 Bxe5 27. Nd4 Qb7 28. Nxc6 dxe4 29. dxe4 Bf6 30. Qxb4 Qxb4 31. Nxb4 Bxh4 32. Nd5 Nd7 33. g5 gxf5 34. Kh3 Re8 35. Kxh4 Rxe4+ 36. Kh5 Kg7 37. Bc1 Ra5 38. Bb2+ f6 39. Nxf6 Nxf6+ 40. Bxf6+ Kf7 41. Rc7+ Ke6 42. Rxh7 f4 43. Kg4 1-0

[Event "Herford- Lippstadt "]
[Site "?"]
[Date "2023.11.12"]
[Round "3.2"]
[White "Quelle, Helmut"]
[Black "Hecht, Carsten"]
[Result "1/2-1/2"]
[WhiteElo "2042"]
[BlackElo "2323"]
[PlyCount "67"]
[EventDate "2023.??.??"]
[SourceVersionDate "2023.09.25"]

1. Nf3 d5 2. g3 g6 3. Bg2 Bg7 4. d4 c6 5. O-O Nf6 6. c4 dxc4 7. a4 Ne4 8. Nc3 Nd6 9. e4 Bg4 10. h3 Bxf3 11. Bxf3 O-O 12. Be3 e5 13. dxe5 Bxe5 14. Bg2 f5 15. Bc5 Na6 16. Bxd6 Qxd6 17. Qxd6 Bxd6 18. Rad1 Be5 19. exf5 Rxf5 20. Ne4 Bxb2 21. Nd6 Rc5 22. Nxb7 Re5 23. Bxc6 Nb4 24. Bb5 c3 25. Bc4+ Kh8 26. Nd6 Re7 27. Rb1 Kg7 28. Bb3 Rd8 29. Nc4 Re2 30. Bd1 Red2 31. Nxd2 Rxd2 32. Bb3 Ba3 33. Ra1 Bb2 34. Rab1 1/2-1/2

[Event "Herford- Lippstadt"]
[Site "?"]
[Date "2023.11.12"]
[Round "3.3"]
[White "Wagner, Alexej"]
[Black "Stoimenov, Ivan"]
[Result "1-0"]
[WhiteElo "2174"]
[BlackElo "2069"]
[PlyCount "65"]
[EventDate "2023.??.??"]
[SourceVersionDate "2023.09.25"]

1. d4 d5 2. c4 c6 3. Nf3 Nf6 4. e3 Bf5 5. Nc3 e6 6. Nh4 Bg6 7. Nxg6 hxg6 8. Bd2 Bd6 9. Qf3 Nbd7 10. cxd5 cxd5 11. Bd3 Rc8 12. h4 a6 13. g4 Nb6 14. g5 Nh5 15. O-O-O Nc4 16. Bxc4 Rxc4 17. Kb1 O-O 18. Rc1 Qd7 19. b3 Rc7 20. Na4 Rxc1+ 21. Rxc1 Qb5 22. Nb2 f6 23. Qg4 Re8 24. gxf6 Nxf6 25. Qxg6 Ne4 26. Be1 Qd7 27. f3 Nf6 28. Bg3 e5 29. Nd3 exd4 30. Bxd6 Qxd6 31. Rg1 Re7 32. exd4 Ne4 33. fxe4 1-0

[Event "Herford- Lippstadt"]
[Site "?"]
[Date "2023.11.12"]
[Round "3.4"]
[White "Schalt, Guideon"]
[Black "Tran, Duc Cuong"]
[Result "0-1"]
[WhiteElo "1762"]
[BlackElo "2109"]
[PlyCount "52"]
[EventDate "2023.??.??"]
[SourceVersionDate "2023.09.25"]

1. d4 Nf6 2. Nf3 e6 3. c4 b6 4. g3 Bb7 5. Bg2 Be7 6. O-O O-O 7. Nc3 Ne4 8. Nxe4 Bxe4 9. Nd2 Bxg2 10. Kxg2 d5 11. Qb3 Nc6 12. e3 Na5 13. Qc3 dxc4 14. f3 Qd5 15. e4 Qb5 16. Qe3 Rfd8 17. f4 c5 18. d5 exd5 19. exd5 Bf6 20. Ne4 Bd4 21. Qf3 Qd7 22. f5 Qxd5 23. f6 Re8 24. Re1 g6 25. g4 Re6 26. Bf4 Rae8 0-1

[Event "Kamen- Paderborn"]
[Site "?"]
[Date "2023.11.12"]
[Round "3.1"]
[White "Moeller, Maurin"]
[Black "Luetke, Jens"]
[Result "1-0"]
[WhiteElo "2204"]
[BlackElo "2168"]
[PlyCount "66"]
[EventDate "2023.??.??"]
[SourceVersionDate "2023.09.25"]

1. d4 Nf6 2. c4 e6 3. g3 d5 4. Nf3 Bb4+ 5. Bd2 Be7 6. Bg2 O-O 7. O-O c6 8. Qc2 Ne4 9. Bf4 f5 10. Ne5 g5 11. Be3 Nd7 12. Nd3 Nd6 13. Nd2 Bf6 14. f3 f4 15. Bf2 dxc4 16. Nxc4 Nxc4 17. Qxc4 Nb6 18. Qc5 Nd5 19. Rad1 Qb6 20. Qc4 a5 21. b3 Bd7 22. Nc5 Rad8 23. Bh3 Rfe8 24. a3 Bc8 25. Rfe1 Kg7 26. e4 fxe3 27. Bxe3 h6 28. Bf2 Kf7 29. Bg4 Re7 30. Bh5+ Kg8 31. Bg4 Rde8 32. Qc2 Qc7 33. Qg6+ Rg7 1-0

[Event "Kamen- Paderborn"]
[Site "?"]
[Date "2023.11.12"]
[Round "3.2"]
[White "Huckebrink, Chris"]
[Black "Kesselmeier, Kevin"]
[Result "1-0"]
[WhiteElo "2214"]
[BlackElo "2052"]
[PlyCount "61"]
[EventDate "2023.??.??"]
[SourceVersionDate "2023.09.25"]

1. e4 c5 2. Nf3 d6 3. d4 cxd4 4. Nxd4 Nf6 5. Nc3 a6 6. f3 e5 7. Nb3 Be6 8. Be3 Be7 9. Qd2 Nbd7 10. O-O-O O-O 11. g4 b5 12. g5 b4 13. Ne2 Ne8 14. f4 a5 15. f5 a4 16. fxe6 axb3 17. cxb3 fxe6 18. Kb1 Qa5 19. Nc1 Nc7 20. Bc4 Nc5 21. Qg2 Rad8 22. h4 Nxe4 23. Qxe4 d5 24. Qg2 dxc4 25. bxc4 Bc5 26. Nb3 Rxd1+ 27. Rxd1 Qa6 28. Bxc5 Ra8 29. Rd7 Qxa2+ 30. Kc2 Ne8 31. Qf3 1-0

[Event "Kamen- Paderborn"]
[Site "?"]
[Date "2023.11.12"]
[Round "3.3"]
[White "Augner, Bjoern"]
[Black "Weidemann, Christian"]
[Result "0-1"]
[WhiteElo "2024"]
[BlackElo "2202"]
[PlyCount "134"]
[EventDate "2023.??.??"]
[SourceVersionDate "2023.09.25"]

1. Nf3 Nf6 2. c4 g6 3. Nc3 d5 4. cxd5 Nxd5 5. e4 Nxc3 6. bxc3 Bg7 7. d4 c5 8. Be2 cxd4 9. cxd4 Nc6 10. Be3 Bg4 11. d5 Ne5 12. Nxe5 Bxe2 13. Qxe2 Bxe5 14. Rb1 O-O 15. h4 Qa5+ 16. Kf1 Rfc8 17. h5 Qa4 18. hxg6 hxg6 19. Qg4 Qxa2 20. Re1 Qc4+ 21. Kg1 Qc3 22. Rf1 Bd4 23. Bg5 Bf6 24. Rh3 Qe5 25. Be3 Rc4 26. f3 a5 27. Bf4 Qd4+ 28. Kh2 a4 29. Rh6 Ra6 30. Qd7 Ra8 31. Qxb7 Qa7 32. Qb5 Qa6 33. Qb1 a3 34. Qa2 Rxe4 35. fxe4 Qxf1 36. Bg3 Qc1 37. Rh3 Bd4 38. Bf2 Qb2 39. Bxd4 Qxd4 40. Rxa3 Qe5+ 41. Kg1 Rxa3 42. Qxa3 Qxe4 43. Qa5 Qe5 44. Qb4 Kg7 45. Qc4 g5 46. Qd3 Kf6 47. Qd1 Qe3+ 48. Kh2 Ke5 49. g3 Qf2+ 50. Kh3 Qf5+ 51. Kh2 Kd6 52. Qd4 Qxd5 53. Qb6+ Ke5 54. Qb2+ Qd4 55. Qe2+ Qe4 56. Qh5 Qc2+ 57. Kh1 f6 58. Qe8 Qd1+ 59. Kh2 Qe2+ 60. Kh1 Kd4 61. Qd7+ Kc3 62. Qc7+ Kd2 63. Qa5+ Ke3 64. Qc3+ Kf2 65. Qd4+ Kxg3 66. Qg1+ Kf4 67. Qf2+ Qf3+ 0-1

[Event "Kamen- Paderborn"]
[Site "?"]
[Date "2023.11.12"]
[Round "3.4"]
[White "Himmel, Hansjoerg"]
[Black "Schlangenotto, Niklas"]
[Result "1-0"]
[WhiteElo "2225"]
[BlackElo "2008"]
[PlyCount "73"]
[EventDate "2023.??.??"]
[SourceVersionDate "2023.09.25"]

1. e4 Nc6 2. Nf3 f5 3. exf5 d5 4. d4 Bxf5 5. Bd3 Bg4 6. Be2 Nf6 7. Bf4 e6 8. c3 Bd6 9. Ne5 Bxe5 10. dxe5 Bxe2 11. Qxe2 Ne4 12. Nd2 O-O 13. Bg3 Nxd2 14. Qxd2 Rf5 15. O-O Qe7 16. Qe2 a6 17. Rad1 Raf8 18. b4 d4 19. a3 dxc3 20. Rd3 Rd8 21. Rxc3 Nd4 22. Qe4 Rd5 23. h3 Rf8 24. Rd3 Rfd8 25. Bh4 Ne2+ 26. Kh1 g5 27. Rxd5 Rxd5 28. Qxe2 gxh4 29. f4 Qf7 30. Qg4+ Kh8 31. Rf3 Rd1+ 32. Kh2 Qf5 33. Qxh4 Rd4 34. Qf2 Rc4 35. Qd2 h5 36. Qd8+ Kh7 37. Qe7+ 1-0

[Event "Kamen- Paderborn"]
[Site "?"]
[Date "2023.11.12"]
[Round "3.5"]
[White "Hoette, Moritz"]
[Black "Seepe, Udo"]
[Result "1/2-1/2"]
[WhiteElo "2080"]
[BlackElo "2114"]
[PlyCount "38"]
[EventDate "2023.??.??"]
[SourceVersionDate "2023.09.25"]

1. d4 d5 2. c4 c6 3. cxd5 cxd5 4. Nc3 e5 5. e3 exd4 6. exd4 Nf6 7. Nf3 Be7 8. Be2 O-O 9. O-O Ne4 10. Qb3 Nxc3 11. bxc3 Nc6 12. Be3 Na5 13. Qc2 Be6 14. Nd2 Rc8 15. Bd3 h6 16. Nf3 Nc4 17. Bxc4 Rxc4 18. Ne5 Rc7 19. f4 Qc8 1/2-1/2

[Event "Kamen- Paderborn"]
[Site "?"]
[Date "2023.11.12"]
[Round "3.6"]
[White "Georg, Felix"]
[Black "Sicker, Rolf"]
[Result "0-1"]
[WhiteElo "2060"]
[BlackElo "2102"]
[PlyCount "84"]
[EventDate "2023.??.??"]
[SourceVersionDate "2023.09.25"]

1. c4 Nf6 2. Nc3 e6 3. e4 d5 4. e5 Nfd7 5. cxd5 exd5 6. d4 Bb4 7. Nf3 O-O 8. Bd3 h6 9. O-O Bxc3 10. bxc3 Re8 11. Bf4 Nf8 12. Qd2 Bg4 13. Rab1 b6 14. Kh1 Nc6 15. h3 Bh5 16. Rbd1 Qd7 17. Kh2 Bg6 18. Be2 Nd8 19. Be3 f6 20. exf6 Qd6+ 21. Kg1 Qxf6 22. Ne5 Bf5 23. Rfe1 c6 24. Ng4 Qg6 25. Nxh6+ gxh6 26. Kh2 Nf7 27. g4 Bd7 28. Bd3 Qg7 29. f4 Re7 30. Rf1 Rae8 31. Rde1 Nh7 32. f5 Nf6 33. Bf4 Ng5 34. Be5 Nf7 35. Qf4 Nxe5 36. dxe5 Rxe5 37. Rxe5 Rxe5 38. Rg1 Ne4 39. h4 Qf6 40. g5 hxg5 41. Bxe4 Rxe4 42. Rxg5+ Kf7 0-1

[Event "Kamen- Paderborn"]
[Site "?"]
[Date "2023.11.12"]
[Round "3.7"]
[White "Klueners, Juergen"]
[Black "Kilian, Ralf"]
[Result "1/2-1/2"]
[WhiteElo "2071"]
[BlackElo "2077"]
[PlyCount "50"]
[EventDate "2023.??.??"]
[SourceVersionDate "2023.09.25"]

1. e4 e6 2. d4 d5 3. exd5 exd5 4. Nf3 Nc6 5. Bb5 Bd6 6. c4 a6 7. Ba4 dxc4 8. d5 b5 9. dxc6 bxa4 10. Qxa4 Ne7 11. O-O Bf5 12. Re1 O-O 13. Nbd2 Rb8 14. a3 c3 15. bxc3 Nd5 16. Qd4 Nf4 17. Ne5 Qg5 18. g3 Bxe5 19. Rxe5 Ne6 20. Qa4 Qf6 21. f4 Bd3 22. Nc4 Rb5 23. Be3 Bxc4 24. Qxc4 Rxe5 25. fxe5 Qxe5 1/2-1/2

[Event "Hamm- Werther"]
[Site "?"]
[Date "2023.11.12"]
[Round "3.1"]
[White "Haskenhoff, Jan"]
[Black "Frombach, Ralf"]
[Result "1-0"]
[WhiteElo "2172"]
[BlackElo "2217"]
[PlyCount "79"]
[EventDate "2023.??.??"]
[SourceVersionDate "2023.09.25"]

1. e4 c5 2. Nf3 Nc6 3. d4 cxd4 4. Nxd4 Nf6 5. Nc3 d6 6. Bg5 Qb6 7. Nb3 e6 8. Be2 a6 9. O-O Be7 10. Kh1 Qc7 11. f4 b5 12. Bxf6 Bxf6 13. Bxb5 Bxc3 14. Bxc6+ Qxc6 15. bxc3 O-O 16. Qd4 Bb7 17. Rae1 a5 18. Rf3 Rfe8 19. Rd3 Ra6 20. c4 g6 21. h4 e5 22. fxe5 Rxe5 23. Nd2 f5 24. Rde3 Ra8 25. Nf3 Rxe4 26. Rxe4 fxe4 27. Ng5 Re8 28. Re2 Re5 29. Re3 h6 30. Nh3 Qc5 31. c3 Rf5 32. Kg1 a4 33. Nf2 Re5 34. Ng4 Qxd4 35. cxd4 Ra5 36. Nxh6+ Kg7 37. Ng4 a3 38. Rb3 Bc8 39. Ne3 Ra4 40. Rc3 1-0

[Event "Hamm- Werther"]
[Site "?"]
[Date "2023.11.12"]
[Round "3.2"]
[White "Dargel, Manuel"]
[Black "Freiberger, Jonas"]
[Result "0-1"]
[WhiteElo "2164"]
[BlackElo "2202"]
[PlyCount "88"]
[EventDate "2023.??.??"]
[SourceVersionDate "2023.09.25"]

1. c4 f5 2. Nc3 Nf6 3. g3 g6 4. Bg2 Bg7 5. d3 d6 6. Bd2 c6 7. Qc1 Nbd7 8. Bh6 Bxh6 9. Qxh6 Ne5 10. Nf3 Qb6 11. Nxe5 Qxb2 12. O-O dxe5 13. Rfc1 Qb6 14. h3 Rf8 15. e3 Kf7 16. c5 Qc7 17. d4 Be6 18. Rab1 Rab8 19. Rb4 Kg8 20. e4 exd4 21. exf5 dxc3 22. fxg6 Bf5 23. gxh7+ Nxh7 24. g4 Rf6 25. Qe3 Bg6 26. h4 Rbf8 27. h5 Be8 28. g5 Rf5 29. Qe6+ Kh8 30. g6 Rxh5 31. gxh7 Qh2+ 32. Kf1 Rhf5 33. Rc2 Qg3 34. Kg1 Rxf2 35. Rxf2 Qxf2+ 36. Kh1 c2 37. Rc4 Rf7 38. Qe5+ Rf6 39. Qg5 Bg6 40. Kh2 Bxh7 41. Qe5 Kg8 42. Rg4+ Kf7 43. Qg5 Bg6 44. Kh3 Qf5 0-1

[Event "Hamm- Werther"]
[Site "?"]
[Date "2023.11.12"]
[Round "3.3"]
[White "Suchland, Marko"]
[Black "Pruess, Wilfried"]
[Result "1-0"]
[WhiteElo "2160"]
[BlackElo "2106"]
[PlyCount "89"]
[EventDate "2023.??.??"]
[SourceVersionDate "2023.09.25"]

1. d4 Nf6 2. Nf3 e6 3. e3 b6 4. Nbd2 Bb7 5. Bd3 Be7 6. e4 d5 7. e5 Nfd7 8. c3 c5 9. a3 Nc6 10. b4 h6 11. O-O Qc7 12. Re1 c4 13. Bf1 O-O-O 14. h4 g5 15. h5 g4 16. Nh2 Ncxe5 17. dxe5 Nxe5 18. Nxg4 Bd6 19. Nxe5 Bxe5 20. Bb2 Rhg8 21. Nf3 Bf4 22. Qe2 Rg4 23. Rad1 Rdg8 24. Rd4 R4g7 25. Ne5 Bg5 26. Nxc4 Bf6 27. Ne5 Rg5 28. f4 Rg3 29. Red1 Kb8 30. R1d3 R3g7 31. Re3 Ka8 32. a4 a6 33. Kh2 Qe7 34. g3 Bxe5 35. fxe5 Qg5 36. Bh3 Qe7 37. Qf2 Rg5 38. g4 R5g7 39. Bc1 Rh8 40. Qf6 Qxf6 41. exf6 Rgg8 42. Re5 Rc8 43. Bd2 Rc7 44. Kg3 Bc6 45. Bf1 1-0

[Event "Hamm- Werther"]
[Site "?"]
[Date "2023.11.12"]
[Round "3.4"]
[White "Gerard, Marcel"]
[Black "Henkemeier, Markus"]
[Result "0-1"]
[WhiteElo "2086"]
[BlackElo "2025"]
[PlyCount "54"]
[EventDate "2023.??.??"]
[SourceVersionDate "2023.09.25"]

1. c4 c6 2. g3 d5 3. Nf3 Nf6 4. Bg2 Nbd7 5. d4 dxc4 6. O-O Nb6 7. Qc2 Bg4 8. Rd1 e6 9. Ne5 Bf5 10. e4 Bg6 11. Be3 Nfd5 12. Bc1 Be7 13. a3 Nf6 14. Nd2 Bh5 15. Ndf3 O-O 16. h3 Qc8 17. Bg5 c5 18. g4 Bg6 19. Nxg6 hxg6 20. e5 Nfd5 21. Bxe7 Nxe7 22. Ng5 cxd4 23. Qe4 Nc6 24. h4 Qd8 25. Qf4 Nd5 26. Qg3 d3 27. b3 Nd4 0-1

[Event "Hamm- Werther"]
[Site "?"]
[Date "2023.11.12"]
[Round "3.5"]
[White "Hufendiek, Ekkehard"]
[Black "Schmidt, Ingo"]
[Result "0-1"]
[WhiteElo "1842"]
[BlackElo "2035"]
[PlyCount "102"]
[EventDate "2023.??.??"]
[SourceVersionDate "2023.09.25"]

1. e4 e5 2. Nf3 Nc6 3. Bc4 Nf6 4. d3 Be7 5. O-O O-O 6. c3 d5 7. exd5 Nxd5 8. Re1 Bg4 9. h3 Bh5 10. Nbd2 Kh8 11. Ne4 Nb6 12. Ng3 Bxf3 13. Qxf3 Nxc4 14. dxc4 Qd7 15. Nf5 Rad8 16. Be3 g6 17. Nxe7 Qxe7 18. Bh6 Rfe8 19. Rad1 Qh4 20. Qe3 f6 21. b4 Qxc4 22. Qf3 Qe6 23. b5 Na5 24. c4 c6 25. Rd3 Nxc4 26. bxc6 Rxd3 27. Qxd3 bxc6 28. Rc1 Nb6 29. Qa3 Qd7 30. Qf3 Nd5 31. Qb3 Rc8 32. Rd1 Kg8 33. Rb1 Kf7 34. h4 Qe6 35. Qb7+ Rc7 36. Qb8 Qc8 37. Qb3 Rd7 38. Qa3 Ne7 39. Qb3+ Rd5 40. Rc1 Qd7 41. Kh2 Nf5 42. Bd2 Kg7 43. Bb4 Nd4 44. Qc4 Qg4 45. Ba3 Qxh4+ 46. Kg1 Qg4 47. Kf1 Qh5 48. f3 Nxf3 49. Qxc6 Qh1+ 50. Kf2 Rd2+ 51. Kxf3 Qxg2+ 0-1

[Event "Hamm- Werther"]
[Site "?"]
[Date "2023.11.12"]
[Round "3.6"]
[White "Paduch, Alexander"]
[Black "Prochnow, Malte"]
[Result "0-1"]
[WhiteElo "2001"]
[BlackElo "1869"]
[PlyCount "58"]
[EventDate "2023.??.??"]
[SourceVersionDate "2023.09.25"]

1. e4 e5 2. Nf3 Nc6 3. d4 exd4 4. Nxd4 Qf6 5. Nxc6 bxc6 6. Bd3 Bc5 7. Qf3 Qxf3 8. gxf3 Ne7 9. Be3 Bb6 10. Nd2 d6 11. Nc4 O-O 12. Nxb6 axb6 13. h4 f5 14. h5 fxe4 15. fxe4 Bg4 16. Kd2 d5 17. Rh2 Bf3 18. exd5 cxd5 19. c3 c5 20. a4 Nc6 21. Be2 Ne5 22. Rh3 Be4 23. f4 Nc6 24. Bb5 d4 25. Bg1 dxc3+ 26. bxc3 Rad8+ 27. Ke1 Rxf4 28. Bxc6 Bxc6 29. Rb1 Bg2 0-1

[Event "Hamm- Werther"]
[Site "?"]
[Date "2023.11.12"]
[Round "3.7"]
[White "Ortpaul, Mario"]
[Black "Klaus, Michael"]
[Result "1-0"]
[WhiteElo "1923"]
[BlackElo "1932"]
[PlyCount "55"]
[EventDate "2023.??.??"]
[SourceVersionDate "2023.09.25"]

1. c4 c5 2. Nf3 Nc6 3. d4 cxd4 4. Nxd4 Nf6 5. Nc3 g6 6. e3 Bg7 7. Be2 d6 8. O-O O-O 9. b3 Bd7 10. Bb2 a6 11. Rc1 Rc8 12. Qd2 Re8 13. Rfd1 Qa5 14. a3 h5 15. b4 Qg5 16. Nf3 Qh6 17. Nd5 Nxd5 18. cxd5 Na7 19. Nd4 Qg5 20. f4 Qh6 21. Rxc8 Bxc8 22. Rc1 e5 23. dxe6 fxe6 24. Rc7 d5 25. Nf5 gxf5 26. Rxg7+ Qxg7 27. Bxg7 Kxg7 28. Qd4+ 1-0

[Event "Paderborn- Hamm"]
[Site "?"]
[Date "2023.12.03"]
[Round "4.1"]
[White "Frombach, Ralf"]
[Black "Moeller, Maurin"]
[Result "0-1"]
[WhiteElo "2206"]
[BlackElo "2222"]
[PlyCount "62"]
[EventDate "2023.??.??"]
[SourceVersionDate "2023.09.25"]

1. d4 Nf6 2. c4 g6 3. Nc3 d5 4. cxd5 Nxd5 5. e4 Nxc3 6. bxc3 c5 7. Bb5+ Bd7 8. Bxd7+ Qxd7 9. Nf3 Bg7 10. O-O O-O 11. Be3 cxd4 12. cxd4 Rd8 13. Qb3 Nc6 14. Rad1 Rac8 15. Ng5 e6 16. d5 exd5 17. exd5 Na5 18. Qb4 b6 19. Qh4 h5 20. Ne4 Qf5 21. d6 Rd7 22. Bd4 Bxd4 23. Rxd4 Kg7 24. Rfd1 Rc4 25. Qg3 f6 26. Qd3 Rxd4 27. Qxd4 Nc6 28. Qc4 Ne5 29. Qd5 h4 30. h3 g5 31. Rc1 Nf3+ 0-1